[Event "37th Reykjavik op"]
[Site "Reykjavik ISL"]
[Date "2024.03.17"]
[Round "4.3"]
[White "Deac, Bogdan-Daniel"]
[Black "Mammadzada, Gunay"]
[WhiteElo "2690"]
[BlackElo "2449"]
[Result "1/2-1/2"]
[EventDate "2024.03.15"]
[PlyCount "63"]

1. c4 {[%eval 16,0]} Nf6 {[%eval 21,0]} 2. Nc3 {[%eval 1,0]} e5 {[%eval 7,0]}
3. Nf3 {[%eval 0,0]} Nc6 {[%eval 11,0]} 4. d3 {[%eval 14,0]} d5 {[%eval 9,0]}
5. cxd5 {[%eval 2,0]} Nxd5 {[%eval 12,0]} 6. e4 {[%eval 0,0]} Nb6 {[%eval 0,0]}
7. Be2 {[%eval 0,0]} Bg4 {[%eval 18,0]} 8. Be3 {[%eval 19,0]} Bxf3 {[%eval 11,
0]} 9. Bxf3 {[%eval 2,0]} Be7 {[%eval 2,0]} 10. O-O {[%eval 13,0]} O-O {
[%eval 26,0]} 11. Rc1 {[%eval 16,0]} Nd4 {[%eval 21,0]} 12. Bg4 {[%eval 23,0]}
c5 {[%eval 64,0]} 13. a4 {[%eval 35,0]} Rb8 {[%eval 51,0]} 14. Nb5 {[%eval 3,0]
} Nc6 {[%eval 28,0]} 15. Qb3 {[%eval 14,0]} a6 {[%eval 19,0]} 16. Na3 {[%eval
2,0]} Na5 {[%eval 8,0]} 17. Qc2 {[%eval 1,0]} Na8 {[%eval 58,0]} 18. Nc4 {
[%eval 53,0]} Nc6 {[%eval 47,0]} 19. a5 {[%eval 7,0]} Re8 $4 {[%eval 189,0]
Blunder. b5 was best.} (19... b5 20. axb6 Nxb6 21. Nxb6 Rxb6 22. Bxc5 Bxc5 23.
Qxc5 g6 24. h3 a5 25. Rc3 Qb8 26. f4) 20. f4 {[%eval 158,0]} exf4 {[%eval 207,
0]} 21. Bxf4 {[%eval 205,0]} Bg5 {[%eval 256,0]} 22. Bxb8 {[%eval 259,0]} Bxc1
{[%eval 302,0]} 23. Bg3 {[%eval 312,0]} Bg5 {[%eval 327,0]} 24. Qb3 {[%eval
302,0]} Re7 {[%eval 325,0]} 25. Nd6 {[%eval 301,0]} Nxa5 $6 {[%eval 424,0]
Inaccuracy. Bf6 was best.} (25... Bf6 26. Bh5 h6 27. Bxf7+ Kh7 28. Nxb7 Qd4+
29. Bf2 Qe5 30. Bg8+ Kh8 31. Bd5 Nd4 32. Qd1) 26. Qd5 {[%eval 418,0]} Be3+ {
[%eval 441,0]} 27. Kh1 {[%eval 423,0]} Nc7 {[%eval 462,0]} 28. Qa2 {[%eval 443,
0]} c4 {[%eval 472,0]} 29. Qxa5 {[%eval 471,0]} cxd3 {[%eval 499,0]} 30. Qc3 {
[%eval 494,0]} Nb5 {[%eval 489,0]} 31. Qxd3 Bc5 32. e5 1/2-1/2

[Event "37th Reykjavik op"]
[Site "Reykjavik ISL"]
[Date "2024.03.17"]
[Round "4.4"]
[White "Chasin, Nico"]
[Black "Ivanchuk, Vasyl"]
[WhiteElo "2447"]
[BlackElo "2625"]
[Result "1/2-1/2"]
[EventDate "2024.03.15"]
[PlyCount "132"]

1. c4 {[%eval 16,0]} c6 {[%eval 26,0]} 2. Nf3 {[%eval 25,0]} d5 {[%eval 37,0]}
3. e3 {[%eval 27,0]} Nf6 {[%eval 13,0]} 4. Nc3 {[%eval 14,0]} e6 {[%eval 29,0]}
5. Qc2 {[%eval 22,0]} Bd6 {[%eval 34,0]} 6. d4 {[%eval 9,0]} Nbd7 {[%eval 21,0]
} 7. Be2 {[%eval 21,0]} O-O {[%eval 3,0]} 8. b3 {[%eval 15,0]} e5 {[%eval 16,0]
} 9. cxd5 {[%eval 3,0]} Nxd5 {[%eval 25,0]} 10. Nxd5 {[%eval 23,0]} cxd5 {
[%eval 23,0]} 11. dxe5 {[%eval 23,0]} Nxe5 {[%eval 15,0]} 12. Bb2 {[%eval 16,0]
} Nxf3+ {[%eval 17,0]} 13. Bxf3 {[%eval 19,0]} Bb4+ {[%eval 19,0]} 14. Kf1 {
[%eval 19,0]} Qh4 {[%eval 54,0]} 15. Rd1 {[%eval 22,0]} Be6 {[%eval 21,0]} 16.
Rd4 {[%eval 17,0]} Qe7 {[%eval 14,0]} 17. g3 {[%eval 21,0]} Rac8 {[%eval 9,0]}
18. Qb1 {[%eval 2,0]} Bc3 {[%eval 4,0]} 19. Bxc3 {[%eval 43,0]} Rxc3 {[%eval 4,
0]} 20. Kg2 {[%eval 35,0]} Rfc8 {[%eval 51,0]} 21. Bxd5 {[%eval 56,0]} g6 $6 {
[%eval 103,0] Inaccuracy. Bxd5+ was best.} (21... Bxd5+ 22. Rxd5 g6 23. Rhd1
Rc2 24. Rd8+ Rxd8 25. Qxc2 Rxd1 26. Qxd1 b5 27. Qd5 Qa3 28. Qd8+) 22. Bxe6 {
[%eval 103,0]} Qxe6 {[%eval 127,0]} 23. Rhd1 {[%eval 121,0]} Rc2 {[%eval 131,0]
} 24. Rd8+ {[%eval 103,0]} Kg7 {[%eval 131,0]} 25. Rxc8 {[%eval 133,0]} Qxc8 {
[%eval 168,0]} 26. Qa1+ {[%eval 187,0]} f6 {[%eval 168,0]} 27. Rd5 {[%eval 167,
0]} Qg4 {[%eval 166,0]} 28. Qd4 {[%eval 114,0]} Qxd4 {[%eval 101,0]} 29. Rxd4
$6 {[%eval 12,0] Inaccuracy. exd4 was best.} (29. exd4 Rxa2 30. Rd7+ Kg8 31.
Rxb7 a5 32. Kf3 Rb2 33. Rb5 h5 34. h4 Kf7 35. Rxa5 Rxb3+) 29... Rxa2 {[%eval
16,0]} 30. Rd7+ {[%eval 14,0]} Kh6 {[%eval 35,0]} 31. Rxb7 {[%eval 29,0]} a5 {
[%eval 27,0]} 32. g4 {[%eval 19,0]} g5 {[%eval 16,0]} 33. Kg3 {[%eval 26,0]} a4
{[%eval 26,0]} 34. bxa4 {[%eval 18,0]} Rxa4 {[%eval 21,0]} 35. h4 {[%eval 25,0]
} gxh4+ {[%eval 16,0]} 36. Kxh4 {[%eval 16,0]} Re4 {[%eval 15,0]} 37. Rb3 {
[%eval 15,0]} Kg6 {[%eval 2,0]} 38. f4 {[%eval 8,0]} Re7 {[%eval 9,0]} 39. Ra3
{[%eval 1,0]} Re8 {[%eval 18,0]} 40. Ra7 {[%eval 3,0]} Rxe3 {[%eval 4,0]} 41.
f5+ {[%eval 5,0]} Kh6 {[%eval 6,0]} 42. Rf7 {[%eval 5,0]} Re1 {[%eval 8,0]} 43.
Rxf6+ {[%eval 8,0]} Kg7 {[%eval 7,0]} 44. Ra6 {[%eval 1,0]} h6 {[%eval 1,0]}
45. Ra7+ {[%eval 1,0]} Kf6 {[%eval 3,0]} 46. Rh7 {[%eval 0,0]} Rh1+ {[%eval 0,
0]} 47. Kg3 {[%eval 0,0]} Rg1+ {[%eval 4,0]} 48. Kf3 {[%eval 4,0]} Rh1 {
[%eval 1,0]} 49. Rh8 {[%eval 0,0]} Kg7 {[%eval 0,0]} 50. Ra8 {[%eval 0,0]} Rf1+
{[%eval 5,0]} 51. Kg2 {[%eval 9,0]} Rf4 {[%eval 0,0]} 52. Kg3 {[%eval 0,0]} Rf1
{[%eval 0,0]} 53. Ra7+ {[%eval 4,0]} Kf6 {[%eval 5,0]} 54. Rh7 {[%eval 0,0]}
Rg1+ {[%eval 0,0]} 55. Kf3 {[%eval 0,0]} Rh1 {[%eval 2,0]} 56. Rb7 {[%eval 0,0]
} Rf1+ {[%eval 0,0]} 57. Kg2 {[%eval 0,0]} Rf4 {[%eval 0,0]} 58. Kg3 {[%eval 0,
0]} Rf1 {[%eval 0,0]} 59. Rb6+ {[%eval 0,0]} Kg7 {[%eval 0,0]} 60. Rb7+ {
[%eval 0,0]} Kf6 {[%eval 1,0]} 61. Rh7 {[%eval 0,0]} Rg1+ {[%eval 3,0]} 62. Kh3
{[%eval 0,0]} Rh1+ {[%eval 5,0]} 63. Kg2 {[%eval 4,0]} Rh4 {[%eval 7,0]} 64.
Kf3 {[%eval 0,0]} Rh1 {[%eval 0,0]} 65. Kf2 {[%eval 0,0]} Rh4 {[%eval 0,0]} 66.
Kf3 {[%eval 0,0]} Rh1 1/2-1/2

[Event "37th Reykjavik op"]
[Site "Reykjavik ISL"]
[Date "2024.03.17"]
[Round "4.6"]
[White "Belenkaya, Dina"]
[Black "Halldorsson, Kristjan"]
[WhiteElo "2164"]
[BlackElo "1887"]
[Result "1-0"]
[EventDate "2024.03.15"]
[PlyCount "81"]

1. d4 {[%eval 15,0]} d5 {[%eval 25,0]} 2. c4 {[%eval 26,0]} c6 {[%eval 28,0]}
3. Nf3 {[%eval 23,0]} Nf6 {[%eval 29,0]} 4. Qb3 {[%eval 11,0]} e6 {[%eval 3,0]}
5. Bf4 {[%eval 0,0]} Bd6 {[%eval 32,0]} 6. Bxd6 {[%eval 29,0]} Qxd6 {[%eval 33,
0]} 7. e3 {[%eval 39,0]} O-O {[%eval 18,0]} 8. Nc3 {[%eval 27,0]} Nbd7 {
[%eval 23,0]} 9. Rd1 {[%eval 26,0]} b6 {[%eval 28,0]} 10. Be2 {[%eval 3,0]} Bb7
{[%eval 27,0]} 11. O-O {[%eval 1,0]} Rac8 {[%eval 33,0]} 12. cxd5 {[%eval 3,0]}
exd5 {[%eval 5,0]} 13. Bd3 {[%eval 37,0]} Rfe8 {[%eval 39,0]} 14. Qa4 {[%eval
16,0]} Ra8 {[%eval 37,0]} 15. b4 {[%eval 19,0]} b5 {[%eval 18,0]} 16. Qa5 {
[%eval 17,0]} a6 {[%eval 37,0]} 17. Ne2 {[%eval 3,0]} Ne4 $6 {[%eval 64,0]
Inaccuracy. Bc8 was best.} (17... Bc8 18. h3 Rb8 19. Qa3 Nb6 20. Qc3 Na4 21.
Qb3 Nb6 22. Ng3 Nc4 23. Rfe1 g6 24. Rb1) 18. Rc1 {[%eval 76,0]} h6 {[%eval 115,
0]} 19. Rc2 {[%eval 101,0]} Qb8 {[%eval 115,0]} 20. Bxe4 {[%eval 116,0]} Rxe4 {
[%eval 147,0]} 21. Nf4 {[%eval 133,0]} Re8 {[%eval 159,0]} 22. Nd3 {[%eval 156,
0]} f6 {[%eval 148,0]} 23. Rfc1 {[%eval 97,0]} Qd8 {[%eval 147,0]} 24. Nc5 {
[%eval 148,0]} Qxa5 {[%eval 155,0]} 25. bxa5 {[%eval 162,0]} Bc8 {[%eval 222,0]
} 26. Nd3 {[%eval 227,0]} Nb8 {[%eval 203,0]} 27. Nb4 {[%eval 227,0]} Bd7 {
[%eval 225,0]} 28. Nd2 {[%eval 201,0]} Kf7 {[%eval 212,0]} 29. Nb3 {[%eval 212,
0]} Ke7 {[%eval 238,0]} 30. Nc5 {[%eval 204,0]} Rd8 {[%eval 253,0]} 31. Nxd7 {
[%eval 239,0]} Kxd7 {[%eval 248,0]} 32. Kf1 {[%eval 232,0]} Kd6 {[%eval 248,0]}
33. Nxc6 {[%eval 271,0]} Rc8 {[%eval 256,0]} 34. Nb4 $4 {[%eval 55,0] Blunder.
Ne7 was best.} (34. Ne7) 34... Rxc2 $4 {[%eval 449,0] Blunder. Rc4 was best.} (
34... Rc4 35. a3 Nc6 36. Nxc6 Kxc6 37. Ke2 Rb8 38. g4 g6 39. Kd2 Kd6 40. f3 Rb7
41. h4) 35. Rxc2 {[%eval 442,0]} Ra7 {[%eval 404,0]} 36. Rc5 {[%eval 435,0]}
Rc7 {[%eval 464,0]} 37. Rxc7 {[%eval 406,0]} Kxc7 {[%eval 455,0]} 38. Nxd5+ {
[%eval 451,0]} Kd6 {[%eval 438,0]} 39. Nb4 {[%eval 436,0]} g6 {[%eval 487,0]}
40. e4 {[%eval 463,0]} h5 {[%eval 497,0]} 41. f4 {[%eval 485,0]} 1-0

[Event "37th Reykjavik op"]
[Site "Reykjavik ISL"]
[Date "2024.03.17"]
[Round "4.7"]
[White "Xu, Xiangyu"]
[Black "Jin, Yueheng"]
[WhiteElo "2623"]
[BlackElo "2404"]
[Result "1/2-1/2"]
[EventDate "2024.03.15"]
[PlyCount "47"]

1. Nf3 {[%eval 2,0]} d5 {[%eval 2,0]} 2. d4 {[%eval 1,0]} Nf6 {[%eval 24,0]} 3.
c4 {[%eval 0,0]} c6 {[%eval 29,0]} 4. cxd5 {[%eval 19,0]} cxd5 {[%eval 34,0]}
5. Nc3 {[%eval 22,0]} Nc6 {[%eval 19,0]} 6. Bf4 {[%eval 15,0]} Bf5 {[%eval 21,
0]} 7. e3 {[%eval 13,0]} e6 {[%eval 2,0]} 8. Qb3 {[%eval 1,0]} Bb4 {[%eval 17,
0]} 9. Bb5 {[%eval 1,0]} Qe7 {[%eval 34,0]} 10. Ne5 {[%eval 35,0]} Rc8 {
[%eval 37,0]} 11. Nxc6 {[%eval 33,0]} bxc6 {[%eval 3,0]} 12. Ba6 {[%eval 36,0]}
Rd8 {[%eval 38,0]} 13. a3 {[%eval 36,0]} Bd6 {[%eval 4,0]} 14. Qa4 $6 {[%eval
22,0] Inaccuracy. Bxd6 was best.} (14. Bxd6) 14... O-O {[%eval 2,0]} 15. Qxc6 {
[%eval 54,0]} Bxf4 {[%eval 57,0]} 16. exf4 {[%eval 73,0]} Ne4 $6 {[%eval 2,0]
Inaccuracy. Rd6 was best.} (16... Rd6 17. Qc5) 17. Nxe4 {[%eval 15,0]} dxe4 {
[%eval 17,0]} 18. O-O {[%eval 15,0]} Rxd4 {[%eval 9,0]} 19. Rfd1 {[%eval 6,0]}
Rfd8 {[%eval 26,0]} 20. Rxd4 {[%eval 29,0]} Rxd4 {[%eval 37,0]} 21. Qc3 {
[%eval 28,0]} Qd8 {[%eval 38,0]} 22. Be2 {[%eval 12,0]} h5 {[%eval 1,0]} 23.
Bxh5 {[%eval 9,0]} Rd3 {[%eval 5,0]} 24. Qc5 {[%eval 1,0]} 1/2-1/2

[Event "37th Reykjavik op"]
[Site "Reykjavik ISL"]
[Date "2024.03.17"]
[Round "4.9"]
[White "Salimova, Nurgyul"]
[Black "Pultinevicius, Paulius"]
[WhiteElo "2426"]
[BlackElo "2575"]
[Result "0-1"]
[EventDate "2024.03.15"]
[PlyCount "88"]

1. e4 {[%eval 13,0]} c5 {[%eval 33,0]} 2. Nf3 {[%eval 22,0]} d6 {[%eval 0,0]}
3. Bb5+ {[%eval 12,0]} Nd7 {[%eval 24,0]} 4. a4 {[%eval 14,0]} Ngf6 {[%eval 12,
0]} 5. Nc3 {[%eval 1,0]} a6 {[%eval 13,0]} 6. Be2 {[%eval 0,0]} g6 {[%eval 9,0]
} 7. a5 {[%eval 3,0]} b5 {[%eval 15,0]} 8. axb6 {[%eval 22,0]} Bb7 {[%eval 21,
0]} 9. d3 {[%eval 14,0]} Bg7 {[%eval 29,0]} 10. O-O {[%eval 1,0]} Nxb6 {
[%eval 19,0]} 11. Be3 {[%eval 17,0]} O-O {[%eval 23,0]} 12. h3 {[%eval 7,0]}
Qc7 {[%eval 4,0]} 13. Qd2 {[%eval 7,0]} e5 {[%eval 16,0]} 14. Nh2 {[%eval 4,0]}
d5 {[%eval 12,0]} 15. exd5 {[%eval 9,0]} Nfxd5 {[%eval 15,0]} 16. Nxd5 {
[%eval 9,0]} Nxd5 {[%eval 12,0]} 17. Bf3 {[%eval 12,0]} Nxe3 {[%eval 5,0]} 18.
Qxe3 {[%eval 8,0]} c4 {[%eval 6,0]} 19. Ra2 {[%eval 12,0]} cxd3 {[%eval 18,0]}
20. cxd3 {[%eval 17,0]} Rfd8 {[%eval 11,0]} 21. Rfa1 {[%eval 13,0]} Qd7 {
[%eval 6,0]} 22. Bxb7 {[%eval 6,0]} Qxb7 {[%eval 3,0]} 23. Nf3 {[%eval 5,0]}
Qb5 {[%eval 5,0]} 24. Ra5 {[%eval 8,0]} Qxb2 {[%eval 6,0]} 25. Nxe5 {[%eval 7,
0]} Rac8 {[%eval 0,0]} 26. d4 {[%eval 19,0]} Qxd4 {[%eval 8,0]} 27. Qxd4 {
[%eval 14,0]} Rxd4 {[%eval 13,0]} 28. Nf3 {[%eval 1,0]} Rd3 {[%eval 0,0]} 29.
R1a2 {[%eval 0,0]} Rc1+ {[%eval 0,0]} 30. Kh2 {[%eval 2,0]} Bh6 {[%eval 2,0]}
31. Ng1 {[%eval 0,0]} Rdd1 {[%eval 2,0]} 32. Ne2 {[%eval 12,0]} Rh1+ {[%eval 0,
0]} 33. Kg3 {[%eval 0,0]} Rcd1 {[%eval 1,0]} 34. Rxa6 {[%eval 0,0]} Bf8 {
[%eval 0,0]} 35. Rc6 {[%eval 25,0]} Bd6+ {[%eval 13,0]} 36. f4 $6 {[%eval 78,0]
Inaccuracy. Kf3 was best.} (36. Kf3 Rd3+ 37. Ke4 Rhd1 38. g4 Rxh3 39. Rc1 Rxc1
40. Nxc1 Rc3 41. Ne2 Rb3 42. Rd2 Bb8) 36... Bb4 {[%eval 84,0]} 37. f5 $6 {
[%eval -6,0] Inaccuracy. Kf3 was best.} (37. Kf3) 37... Rd3+ $2 {[%eval 77,0]
Mistake. Rhf1 was best.} (37... Rhf1 38. fxg6 hxg6 39. h4 Kg7 40. Ra7 Bd6+ 41.
Kh3 Rf2 42. Ng3 Rd3 43. Rxd6 Rxd6 44. h5) 38. Kf4 {[%eval -75,0]} Bd2+ {
[%eval -47,0]} 39. Kg4 {[%eval -83,0]} Rh2 $6 {[%eval 8,0] Inaccuracy. gxf5+
was best.} (39... gxf5+ 40. Kh4 Re1 41. Ra8+ Kg7 42. Re8 Rf1 43. g3 Be1 44. Re5
h6 45. Rc4 Kf6 46. Re8) 40. Ra8+ $4 {[%eval -222,0] Blunder. Nf4 was best.} (
40. Nf4 Rd4 41. fxg6 hxg6 42. g3 Rh1 43. Rcc2 Be3 44. Re2 Bxf4 45. gxf4 Rc4 46.
Rac2 Rg1+) 40... Kg7 {[%eval -209,0]} 41. f6+ {[%eval -359,0]} Kh6 {[%eval
-375,0]} 42. Nf4 {[%eval -398,0]} Rd4 {[%eval -229,0]} 43. g3 $6 {[%eval -475,
0] Inaccuracy. Ra7 was best.} (43. Ra7 Bxf4 44. Kf3 Rh1 45. Rxf7 Rf1+ 46. Ke2
Rb1 47. Rc2 Bg3 48. Rc3 Be5 49. Rd3 Rb2+) 43... Bxf4 {[%eval -477,0]} 44. gxf4
$4 {[%eval -32753,0] Checkmate is now unavoidable. h4 was best.} (44. h4 Be5+
45. Kf3 Rh3 46. Re8 Rxg3+ 47. Ke2 Bf4 48. Rc2 Ra4 49. Rf8 Bd6 50. Rxf7) 44...
Rd3 {[%eval -32755,0]} 0-1

[Event "37th Reykjavik op"]
[Site "Reykjavik ISL"]
[Date "2024.03.17"]
[Round "4.10"]
[White "Injac, Teodora"]
[Black "Steingrimsson, Hedinn"]
[WhiteElo "2434"]
[BlackElo "2477"]
[Result "0-1"]
[EventDate "2024.03.15"]
[PlyCount "76"]

1. d4 {[%eval 15,0]} Nf6 {[%eval 16,0]} 2. Nf3 {[%eval 12,0]} g6 {[%eval 21,0]}
3. g3 {[%eval 0,0]} Bg7 {[%eval 13,0]} 4. Bg2 {[%eval 12,0]} O-O {[%eval 22,0]}
5. O-O {[%eval 13,0]} d6 {[%eval 36,0]} 6. a4 {[%eval 23,0]} Nc6 {[%eval 24,0]}
7. a5 {[%eval 13,0]} e5 {[%eval 18,0]} 8. dxe5 {[%eval 8,0]} dxe5 {[%eval 11,0]
} 9. a6 {[%eval 12,0]} Qe7 {[%eval 23,0]} 10. Bg5 {[%eval 14,0]} bxa6 {[%eval
32,0]} 11. Nfd2 {[%eval 0,0]} Qe6 {[%eval 0,0]} 12. c4 {[%eval 41,0]} Rb8 {
[%eval 4,0]} 13. Nc3 {[%eval 24,0]} Rxb2 {[%eval 3,0]} 14. Nd5 {[%eval 7,0]}
Nxd5 {[%eval 71,0]} 15. cxd5 {[%eval 62,0]} Qf5 {[%eval 28,0]} 16. h4 {[%eval
28,0]} Nd4 {[%eval 37,0]} 17. e3 $6 {[%eval -99,0] Inaccuracy. Rc1 was best.} (
17. Rc1) 17... f6 {[%eval -93,0]} 18. exd4 {[%eval 96,0]} fxg5 {[%eval -91,0]}
19. hxg5 {[%eval -99,0]} exd4 {[%eval -89,0]} 20. Ne4 {[%eval -89,0]} Kh8 {
[%eval 58,0]} 21. Rc1 {[%eval 52,0]} Qxd5 {[%eval 62,0]} 22. Rxc7 {[%eval 58,0]
} Bb7 {[%eval 45,0]} 23. Qc1 {[%eval 39,0]} Re2 {[%eval 8,0]} 24. Qb1 $2 {
[%eval -56,0] Mistake. Re7 was best.} (24. Re7 Bc6) 24... Ba8 {[%eval -65,0]}
25. Rxa7 {[%eval -51,0]} Qe5 $2 {[%eval 0,0] Mistake. d3 was best.} (25... d3
26. Rxa8 Qxa8 27. Qxd3 Rb2 28. Rc1 Qa7 29. Kh2 a5 30. Rc4 Rb4 31. Rc6 a4 32.
Ra6) 26. Qd3 {[%eval 0,0]} Ra2 {[%eval 0,0]} 27. Qb1 {[%eval 0,0]} Re2 {
[%eval 2,0]} 28. Qd3 {[%eval 0,0]} Qb5 {[%eval 0,0]} 29. Qxb5 {[%eval 0,0]}
axb5 {[%eval 0,0]} 30. Nd6 {[%eval 5,0]} Bxg2 {[%eval 4,0]} 31. Kxg2 {[%eval 6,
0]} b4 {[%eval 0,0]} 32. Rb7 {[%eval 0,0]} d3 {[%eval 0,0]} 33. Rxb4 {[%eval 0,
0]} Bc3 {[%eval 0,0]} 34. Rb7 {[%eval 6,0]} Kg8 {[%eval 7,0]} 35. Rb3 {[%eval
5,0]} d2 {[%eval 0,0]} 36. Ne4 $4 {[%eval -229,0] Blunder. Rxc3 was best.} (36.
Rxc3 Rexf2+ 37. Rxf2 Rxf2+ 38. Kxf2 d1=Q 39. Ne4 Qb1 40. Nf6+ Kf7 41. Rf3 Ke6
42. Nxh7 Qc2+) 36... Rxe4 {[%eval -237,0]} 37. Rxc3 {[%eval -231,0]} Rd8 {
[%eval -275,0]} 38. Kf3 Re1 0-1

[Event "37th Reykjavik op"]
[Site "Reykjavik ISL"]
[Date "2024.03.17"]
[Round "4.11"]
[White "Can, Emre"]
[Black "Sidhant, Mohapatra"]
[WhiteElo "2551"]
[BlackElo "2379"]
[Result "1-0"]
[EventDate "2024.03.15"]
[PlyCount "49"]

1. d4 {[%eval 15,0]} d5 {[%eval 25,0]} 2. c4 {[%eval 26,0]} c6 {[%eval 28,0]}
3. Nf3 {[%eval 23,0]} Nf6 {[%eval 29,0]} 4. Nbd2 {[%eval 0,0]} Bf5 {[%eval 0,0]
} 5. Nh4 {[%eval 0,0]} Be4 {[%eval 33,0]} 6. f3 {[%eval 18,0]} Bg6 {[%eval 0,0]
} 7. Qb3 {[%eval 0,0]} Qc7 {[%eval 0,0]} 8. g4 {[%eval 17,0]} e6 {[%eval 2,0]}
9. e4 {[%eval 38,0]} Be7 {[%eval 48,0]} 10. cxd5 {[%eval 5,0]} cxd5 {[%eval 0,
0]} 11. Nxg6 {[%eval 9,0]} hxg6 {[%eval 5,0]} 12. e5 {[%eval 8,0]} Nfd7 {
[%eval 9,0]} 13. f4 {[%eval 0,0]} Bh4+ {[%eval 38,0]} 14. Kd1 {[%eval 51,0]}
Bf2 $6 {[%eval 134,0] Inaccuracy. Nc6 was best.} (14... Nc6 15. Nf3) 15. Nf3 {
[%eval 142,0]} Nc6 {[%eval 152,0]} 16. Qc2 {[%eval 138,0]} Bh4 {[%eval 151,0]}
17. g5 {[%eval 146,0]} O-O-O {[%eval 185,0]} 18. Rg1 {[%eval 189,0]} Rh5 {
[%eval 215,0]} 19. Be3 {[%eval 225,0]} Kb8 {[%eval 218,0]} 20. Rc1 {[%eval 217,
0]} Qb6 {[%eval 241,0]} 21. Qb3 $6 {[%eval 169,0] Inaccuracy. Qa4 was best.} (
21. Qa4 Qc7 22. Qa3 Nb6 23. Rg4 Rdh8 24. Bb5 Nc8 25. Bxc6 bxc6 26. Bd2 Nb6 27.
b3 Nc8) 21... Qxb3+ {[%eval 183,0]} 22. axb3 {[%eval 164,0]} Ne7 {[%eval 185,0]
} 23. Bd3 {[%eval 185,0]} Nf5 {[%eval 187,0]} 24. Ke2 {[%eval 185,0]} Nf8 $2 {
[%eval 336,0] Mistake. Nxe3 was best.} (24... Nxe3 25. Kxe3 Nb6 26. Rc5 Rh7 27.
Ke2 Rf8 28. b4 Na4 29. Rc2 Nb6 30. b5 Na8 31. Rg4) 25. Rg4 {[%eval 343,0]} 1-0

[Event "37th Reykjavik op"]
[Site "Reykjavik ISL"]
[Date "2024.03.17"]
[Round "4.12"]
[White "Garifullina, Leya"]
[Black "Maze, Sebastien"]
[WhiteElo "2413"]
[BlackElo "2551"]
[Result "1/2-1/2"]
[EventDate "2024.03.15"]
[PlyCount "93"]

1. e4 {[%eval 13,0]} c5 {[%eval 33,0]} 2. Nf3 {[%eval 22,0]} d6 {[%eval 0,0]}
3. d4 {[%eval 18,0]} cxd4 {[%eval 13,0]} 4. Nxd4 {[%eval 27,0]} Nf6 {[%eval 3,
0]} 5. Nc3 {[%eval 21,0]} a6 {[%eval 24,0]} 6. Be3 {[%eval 16,0]} e5 {[%eval
31,0]} 7. Nb3 {[%eval 19,0]} Be6 {[%eval 16,0]} 8. f3 {[%eval 41,0]} h5 {
[%eval 39,0]} 9. Qd2 {[%eval 41,0]} Nbd7 {[%eval 43,0]} 10. O-O-O {[%eval 24,0]
} Rc8 {[%eval 28,0]} 11. Kb1 {[%eval 24,0]} Be7 {[%eval 26,0]} 12. Bd3 {
[%eval 21,0]} Qc7 {[%eval 36,0]} 13. h3 {[%eval 32,0]} h4 {[%eval 34,0]} 14. f4
{[%eval 39,0]} Nb6 {[%eval 78,0]} 15. Rhe1 {[%eval 72,0]} Nc4 {[%eval 79,0]}
16. Bxc4 {[%eval 92,0]} Qxc4 $6 {[%eval 183,0] Inaccuracy. Bxc4 was best.} (
16... Bxc4 17. Qf2 b5 18. Bb6 Qb8 19. Na5 O-O 20. Nd5 Bxd5 21. exd5 Qa8 22. Nc6
Nxd5 23. Nxe7+) 17. f5 {[%eval 166,0]} Bd7 {[%eval 178,0]} 18. Bg5 {[%eval 183,
0]} Bc6 {[%eval 171,0]} 19. Bxf6 {[%eval 172,0]} gxf6 {[%eval 179,0]} 20. Qf2
$6 {[%eval 112,0] Inaccuracy. a3 was best.} (20. a3 Rg8 21. Qf2 b5 22. Qxh4
Rxg2 23. Na5 Qc5 24. Nxc6 Rxc6 25. Rd3 Rc8 26. Rc1 Qf2) 20... Rg8 $6 {[%eval
173,0] Inaccuracy. b5 was best.} (20... b5 21. Rd3 b4 22. Nd5 Bd8 23. Nd2 Qc5
24. Ne3 Be7 25. Rd1 a5 26. g4 Bb7) 21. a3 {[%eval 178,0]} Rg3 {[%eval 195,0]}
22. Re3 {[%eval 208,0]} Rxe3 {[%eval 227,0]} 23. Qxe3 {[%eval 212,0]} Bd8 {
[%eval 225,0]} 24. Nd2 {[%eval 167,0]} Qd4 {[%eval 228,0]} 25. Qxd4 $6 {
[%eval 134,0] Inaccuracy. Qh6 was best.} (25. Qh6 Be7 26. Qh8+ Bf8 27. Qxh4 b5
28. Qe1 Qb6 29. Nb3 Rb8 30. Nd5 Bxd5 31. Rxd5 Bh6) 25... exd4 {[%eval 100,0]}
26. Ne2 {[%eval 85,0]} Bb6 $6 {[%eval 166,0] Inaccuracy. b5 was best.} (26...
b5) 27. Nc4 {[%eval 165,0]} Bc5 {[%eval 175,0]} 28. Nxd4 {[%eval 174,0]} Bxe4 {
[%eval 200,0]} 29. Nxd6+ {[%eval 197,0]} Bxd6 {[%eval 199,0]} 30. Re1 {[%eval
189,0]} Kd7 {[%eval 199,0]} 31. Rxe4 {[%eval 204,0]} Rg8 {[%eval 186,0]} 32.
Rg4 {[%eval 107,0]} Rh8 {[%eval 215,0]} 33. c4 {[%eval 186,0]} Bg3 {[%eval 200,
0]} 34. Nf3 {[%eval 188,0]} Rh5 {[%eval 174,0]} 35. Rd4+ {[%eval 151,0]} Kc7 {
[%eval 104,0]} 36. Rd5 {[%eval 134,0]} Rh8 {[%eval 137,0]} 37. Kc2 {[%eval 134,
0]} Re8 {[%eval 117,0]} 38. Kd1 $6 {[%eval 5,0] Inaccuracy. Kc3 was best.} (38.
Kc3) 38... Re4 {[%eval 46,0]} 39. b3 {[%eval 35,0]} Re3 {[%eval 31,0]} 40. Kc2
{[%eval 37,0]} Re2+ {[%eval 42,0]} 41. Rd2 {[%eval 53,0]} Re3 {[%eval 51,0]}
42. Kb2 {[%eval 9,0]} a5 {[%eval 34,0]} 43. a4 {[%eval 1,0]} Be5+ {[%eval 6,0]}
44. Ka3 {[%eval 0,0]} Bd6+ {[%eval 1,0]} 45. Kb2 {[%eval 5,0]} Be5+ {[%eval 0,
0]} 46. Ka3 {[%eval 1,0]} Bd6+ {[%eval 0,0]} 47. Kb2 {[%eval 0,0]} 1/2-1/2